[Event "Caracas FVA 80th Ann"]
[Site "Caracas"]
[Date "2015.12.20"]
[Round "7"]
[White "Saenz Morillo, Miguel Alfonso"]
[Black "Gonzalez Contreras, Francisco Es"]
[Result "1-0"]
[WhiteElo "1982"]
[BlackElo "1586"]
[PlyCount "57"]
[EventDate "2015.12.16"]
[EventType "swiss"]
[EventRounds "8"]
[EventCountry "VEN"]
[SourceTitle "EXT 2018"]
[Source "ChessBase"]
[SourceDate "2017.10.13"]
[SourceVersion "1"]
[SourceVersionDate "2017.10.13"]
[SourceQuality "1"]

1. d4 Nf6 2. Nf3 e6 3. e3 Be7 4. Bd3 0-0 5. e4 d6 6. Bf4 Nbd7 7. e5 dxe5 8. dxe5 Nd5 9. Bg3 f6 10. exf6 N7xf6 11. 0-0 Bd6 12. Nbd2 Nh5 13. Bh4 Be7 14. Ng5 Nhf6 15. Re1 Qe8 16. Ndf3 Bd6 17. Bf5 e5 18. Bxh7+ Kh8 19. Bg3 Bg4 20. Bxe5 Qh5 21. Bxd6 cxd6 22. Be4 Nxe4 23. Rxe4 Nf4 24. Qxd6 Nh3+ 25. Nxh3 Bxf3 26. Nf4 Qg5 27. Ng6+ Kh7 28. Rh4+ Kg8 29. Qe6+ 1-0

[Event "Oslo Nordstrand GP A"]
[Site "Oslo"]
[Date "2012.04.21"]
[Round "3"]
[White "Boe, Arne Hugo"]
[Black "Gonzalez Contreras, Francisco Es"]
[Result "0-1"]
[WhiteElo "1757"]
[BlackElo "1706"]
[PlyCount "144"]
[EventDate "2012.04.20"]
[EventType "swiss"]
[EventRounds "5"]
[EventCountry "NOR"]
[SourceTitle "EXT 2023"]
[Source "ChessBase"]
[SourceDate "2022.10.05"]
[SourceVersion "1"]
[SourceVersionDate "2022.10.05"]
[SourceQuality "1"]

1. d4 Nf6 2. Nf3 c5 3. e3 e6 4. Bd3 Nc6 5. c3 d5 6. Nbd2 Bd6 7. 0-0 0-0 8. Re1 e5 9. dxc5 Bxc5 10. b4 Bb6 11. e4 Ng4 12. Re2 d4 13. Nc4 dxc3 14. Nxb6 Qxb6 15. h3 Nf6 16. Be3 Qxb4 17. Rb1 Qd6 18. Rc2 Rd8 19. Rxc3 Nxe4 20. Ng5 Nxc3 21. Bxh7+ Kf8 22. Qh5 Be6 23. Rc1 Bxa2 24. Bf5 Nd4 25. Rxc3 Ne2+ 26. Qxe2 Qd1+ 27. Qxd1 Rxd1+ 28. Kh2 g6 29. Bg4 Rd5 30. Be2 f6 31. Ne6+ Kg8 32. Nc7 Rdd8 33. Nxa8 Rxa8 34. Ra3 Bd5 35. Rxa7 Rc8 36. Ra5 Bc6 37. Bb6 Kf7 38. g4 Be4 39. Rc5 Ra8 40. Bc4+ Ke7 41. g5 Ra1 42. Rc7+ Kd6 43. f3 Bxf3 44. gxf6 Ra8 45. Rg7 Bd5 46. Bc7+ Ke6 47. Bxd5+ Kxd5 48. Rxg6 Ke6 49. Kg3 b5 50. Rg5 Kxf6 51. h4 Ra3+ 52. Kg2 Ra2+ 53. Kf3 Ra3+ 54. Ke2 Ra2+ 55. Kf3 Ra3+ 56. Kg4 Ra4+ 57. Kh5 Re4 58. Bd8+ Kf7 59. Rg4 Re2 60. Rb4 Rd2 61. Bg5 Rd5 62. Kh6 Rd6+ 63. Kh7 Rb6 64. h5 Rb8 65. Bd8 Rxd8 66. Kh6 Kf6 67. Kh7 Rb8 68. Rb2 b4 69. Rg2 b3 70. h6 b2 71. Rc2 Rb7+ 72. Kg8 b1Q 0-1

[Event "Oslo Nordstrand GP A"]
[Site "Oslo"]
[Date "2012.04.21"]
[Round "2"]
[White "Gonzalez Contreras, Francisco Es"]
[Black "Svanholm, Borge Waaktaar"]
[Result "1-0"]
[WhiteElo "1706"]
[BlackElo "1779"]
[PlyCount "76"]
[EventDate "2012.04.20"]
[EventType "swiss"]
[EventRounds "5"]
[EventCountry "NOR"]
[SourceTitle "EXT 2023"]
[Source "ChessBase"]
[SourceDate "2022.10.05"]
[SourceVersion "1"]
[SourceVersionDate "2022.10.05"]
[SourceQuality "1"]

1. d4 d5 2. c4 e6 3. Nc3 c6 4. e4 dxe4 5. Nxe4 Bb4+ 6. Nc3 Nf6 7. a3 Bxc3+ 8. bxc3 0-0 9. Nf3 Nbd7 10. Be2 Qa5 11. Qc2 e5 12. 0-0 exd4 13. cxd4 h6 14. a4 Re8 15. Bd3 Nf8 16. Ra3 Bg4 17. Ne5 Bh5 18. Bb2 Qc7 19. f4 Ng4 20. Bf5 Nxe5 21. fxe5 Bg6 22. Raf3 Bxf5 23. Qxf5 Re7 24. Rg3 Ng6 25. Kh1 Qd7 26. Qe4 Rd8 27. h4 b6 28. h5 Nf8 29. Rd1 Ne6 30. d5 cxd5 31. cxd5 Ng5 32. Qf4 Qc8 33. Rxg5 hxg5 34. Qxg5 Qc2 35. Rd2 Qc7 36. d6 Rxd6 37. exd6 Re1+ 38. Kh2 Qd7 1-0

[Event "Oslo Nordstrand GP A"]
[Site "Oslo"]
[Date "2012.04.20"]
[Round "1"]
[White "Stanford, Maxim Barth"]
[Black "Gonzalez Contreras, Francisco Es"]
[Result "1-0"]
[WhiteElo "2355"]
[BlackElo "1706"]
[PlyCount "95"]
[EventDate "2012.04.20"]
[EventType "swiss"]
[EventRounds "5"]
[EventCountry "NOR"]
[SourceTitle "EXT 2023"]
[Source "ChessBase"]
[SourceDate "2022.10.05"]
[SourceVersion "1"]
[SourceVersionDate "2022.10.05"]
[SourceQuality "1"]

1. Nf3 Nf6 2. c4 e6 3. g3 Be7 4. Bg2 0-0 5. 0-0 d5 6. d4 dxc4 7. Qa4 a6 8. Qxc4 b5 9. Qc2 Bb7 10. Bg5 Be4 11. Qc1 Nbd7 12. Nbd2 Bb7 13. Nb3 a5 14. a4 Bd5 15. Nfd2 bxa4 16. Bxd5 exd5 17. Rxa4 Bb4 18. Qc2 Nb6 19. Ra2 Re8 20. e3 Bxd2 21. Nxd2 a4 22. Bxf6 Qxf6 23. Rc1 h5 24. Qd1 h4 25. Rxc7 hxg3 26. hxg3 Qd6 27. Rc3 Rac8 28. Raa3 Qb4 29. Qc2 Qd6 30. Kg2 g6 31. Rxc8 Rxc8 32. Rc3 Rxc3 33. Qxc3 Nd7 34. Qa5 Qc6 35. Nb1 Nb6 36. Nc3 Kg7 37. Qa6 Qe6 38. Qb5 Nc4 39. Qxa4 Nxb2 40. Qb5 Nc4 41. Qxd5 Qa6 42. Qb5 Qa8+ 43. e4 Nd2 44. Qe5+ Kg8 45. Qf4 Nb3 46. Qf6 Nd2 47. Nd5 Qa1 48. Ne7+ 1-0